| 000 | 01146 a2200181 4500 | ||
|---|---|---|---|
| 003 | Nust | ||
| 005 | 20221013122309.0 | ||
| 020 | _a8123911394 | ||
| 040 | _cNust | ||
| 082 | _a562,MOO | ||
| 100 |
_aRaymond C. Moore, _913744 |
||
| 245 |
_aInvertebrate FOSSILS / _cRaymond C. Moore, Cecil G. Lalicker & Alfred G. Fischer. |
||
| 260 |
_aNew York, _bMcGraw-Hill, 1952. _c1952 |
||
| 300 |
_a766 p. illus _b. 25 cm. |
||
| 505 | _aThe Nature of Fossils (Page-1), Foraminifera and Radiolarian (Page-39), Sponges and Spongelike Fossils (Page-79), Coelenterates (Page-99), Bryozoans (Page-156), Brachiopods (Page-199), Mollusks (Page-269), Gastropods (Page-277), Cephalopods (Page-336), Pelecypods (Page-400), Annelids and other Worms (Page-452), Arthropods (Page-464) Trilobites (Page-478), Ostracodes and other Crustaceans (Page-521), Chelicerates Myriapods and Insects (Page-552), Echinoderms (Page-577), Primiive Attached Echinoderms (Page-582), Crinoids (Page-604), Holothuroids (Page-653), Starfishes (Page-659), Echinoids (Page-675), Graptolites and Pterobranchs (Page-715), Conodonts (Page-733). | ||
| 650 |
_afossils _9100123 |
||
| 942 |
_2ddc _cBK |
||
| 999 |
_c182891 _d182891 |
||